000 00760cab a2200253 4500
001 ABS57524
008 090401t1997 xxu||||| |||| 00| 0 eng d
035 _a(Sirsi) u80270
041 _aeng
100 _aGemmell, J.
245 _aMaking good of bad news
260 _c1997
350 _a0
490 _aProperty Week
_v60(6) 8 August 1997, 21(1)
520 _aExplains the best way for employers or managers to communicate bad news to employees while reducing negative feelings.
650 _aBAD NEWS
650 _aEMPLOYEE COMMUNICATION
650 _aINDUSTRIAL RELATIONS
650 _aPERFORMANCE APPRAISAL
650 _aREDUNDANCY
690 _aMANAGEMENT-BUSINESS MANAGEMENT-PROFESSIONAL PRACTICE
942 _n0
948 _c14/08/1997
999 _c50535
_d50535